000 00354nam a2200145 i 4500
001 bg
100 1 _aPRZYLIPIAK, M.
245 0 _aSprzęt i prace nurkowe :
_bporadnik /
_cM. Przylipiak, J. Torbus.
260 _aWarszawa,
_c1981.
700 1 _aTORBUS, J.
040 _cBPK
041 _apol
942 _cKS
008 s pl f |000 0 pol
999 _c21952
_d21952
856 _uhttp://koha.tu.koszalin.pl/cgi-bin/koha/opac-detail.pl?biblionumber=21952
_yKatalog online BPK